Krátky sprievodca obchodovaním. Ako funguje mimoburzový trh RM-Systém Slovakia. 2.

Modelové situácie obchodovania s akciami získanými z kupónovej privatizácie na mimoburzovom trhu RM-Systém Slovakia. O cenách akcií na tomto trhu pozri aj príspevok na s.3 prílohy.

Enregistré dans:
Détails bibliographiques
Format: Chapitre de livre
Langue:slovaque
Sujets:
Tags: Ajouter un tag
Pas de tags, Soyez le premier à ajouter un tag!

MARC

LEADER 00000naa a2200000 4500
001 r012824
005 20221214064909.0
041 0 |a slo 
044 |a SK 
245 1 0 |a Krátky sprievodca obchodovaním.  |b Ako funguje mimoburzový trh RM-Systém Slovakia. 2. 
520 |a Modelové situácie obchodovania s akciami získanými z kupónovej privatizácie na mimoburzovom trhu RM-Systém Slovakia. O cenách akcií na tomto trhu pozri aj príspevok na s.3 prílohy. 
610 2 0 |a trh mimoburzový 
610 2 0 |a akcie 
610 2 0 |a ceny 
610 2 0 |a RM-Systém Slovakia